Loading...
| Geography | 0 | 2 | 0 | 0 | 20 | 74 | 80.00 | 0 | 1 |
| Painting/Sculpture | 0 | 2 | 0 | 1 | 20 | 36 | 76.00 | 0 | 1 |
| Literature - World Literature | 0 | 2 | 0 | 1 | 20 | 83 | 93.00 | 0 | 0 |
| History - Other History | 0 | 1 | 0 | 0 | 10 | 61 | 61.00 | 0 | 1 |
| History - World History | 0 | 1 | 0 | 0 | 10 | 38 | 38.00 | 0 | 1 |
| Literature - British Literature | 0 | 1 | 0 | 1 | 10 | 123 | 123.00 | 0 | 0 |
| Literature - European Literature | 0 | 1 | 0 | 0 | 10 | 51 | 51.00 | 1 | 1 |
| Science - Other Science | 0 | 1 | 0 | 1 | 10 | 98 | 98.00 | 0 | 0 |
| Fine Arts - Other Fine Arts | 0 | 1 | 0 | 0 | 10 | 63 | 63.00 | 0 | 0 |
| History - American History | 0 | 1 | 0 | 0 | 10 | 45 | 45.00 | 0 | 1 |
| Fine Arts - Classical Music | 0 | 1 | 0 | 0 | 10 | 62 | 62.00 | 0 | 0 |
| History - European History | 0 | 1 | 1 | 0 | 5 | 55 | 55.00 | 0 | 1 |
| Mythology | 0 | 0 | 1 | 0 | -5 | 0.00 | 0 | 0 |